| 000 | 00545nam a2200193Ia 4500 | ||
|---|---|---|---|
| 008 | 151119s9999||||xx |||||||||||||| ||und|| | ||
| 082 | _a923.254 | ||
| 082 | _bGKKV17853 | ||
| 100 | _aआपटे गुरुजी | ||
| 245 | _aलोकमान्य टिळक | ||
| 260 | _a-- | ||
| 260 | _b-- | ||
| 260 | _c0 | ||
| 600 | _aआपटे गुरुजी | ||
| 630 | _aलोकमान्य टिळक | ||
| 700 | _aआपटे गुरुजी | ||
| 730 | _aलोकमान्य टिळक | ||
| 942 | _cBOOK | ||
| 999 |
_c1070972 _d1070969 |
||